| 000 | 00392nam a22001457a 4500 | ||
|---|---|---|---|
| 005 | 20200601103734.0 | ||
| 008 | 200601b xxu||||| |||| 00| 0 eng d | ||
| 082 | _a345.4 AIR | ||
| 110 |
_aAll India Reporter _95750 |
||
| 245 | _aAll India Reporter 1985 (V-72) KARNATAKA section | ||
| 260 |
_aBOMBAY _bAll India Reporter Ltd. _c1985 |
||
| 300 | _a448p. | ||
| 650 |
_aLAW _95701 |
||
| 942 | _cJRL | ||
| 999 |
_c6755 _d6753 |
||